| 000 | 00417pam a2200157a 44500 | ||
|---|---|---|---|
| 008 | 230515b2020 xxu||||| |||| 00| 0 eng d | ||
| 020 | _aNULL | ||
| 041 | _aENGLISH | ||
| 082 | _a000 | ||
| 100 | _aMINISTRY OF AYUSH | ||
| 245 | _aMANUAL ON GERIATRIC HEALTH CARE THROUGH AYURVEDA | ||
| 250 | _aI | ||
| 260 |
_aNEW DELHI _bNULL _c2020 |
||
| 300 | _a364 | ||
| 650 | _aMANUAL ON GERIATRIC HEALTH CARE THROUGH AYURVEDA | ||
| 999 |
_c502276 _d502276 |
||